000
00313nam a22001457a 4500
008
210426b ||||| |||| 00| 0 eng d
020
_a
2901565490450
041
_a
eng
080
_2
3rd
_a
316
082
_a
316
100
_a
50
101
_a
SOC
245
_a
Promises Not Kept
_c
Isbister,J
942
_2
udc
_c
BK
999
_c
56790
_d
56790